Dog breed to country of origin - Statistics

General Stats
  • This quiz has been taken 141 times
    125 since last reset
  • The average score is 10 of 13
Answer Stats
Hint Answer % Correct
Great Dane Germany
92%
Dachshund Germany
92%
Shiba Inu Japan
91%
Pug China
89%
Shar Pei China
89%
Afghan Hound Afghanistan
88%
Beagle UK
86%
Australian Shepard USA
83%
French Bulldog UK
71%
Maltese Italy
63%
Chien De Burger Belge Belgium
60%
Sennenhund Switzerland
43%
Basenji DRC
31%
No matching quizzes found
Score Distribution
Percent of People with Each Score
Percentile by Number Answered
Your Score History
You have not taken this quiz since the last reset